01872cam a2200229 i 45000010009000000050017000090080041000260100017000670200018000840400044001020410008001461000021001542450087001752600023002623000018002854900019003035201137003225460023014596100057014826500057015396500046015962096256820190912142106.0190912s2019 fr abd b 001 0 fre  a 2019404488 a9782701197593 aCO-BoUCMbengcSaul NiñodSaul Niño0 afre1 aRovetta, Ornella13aUn génocide au tribunalble Rwanda et la justice internationalecOrnella Rovetta aParisbBelinc2019 a439 páginas0 aContemporaines8 aAu lendemain du génocide commis contre les Tutsi au Rwanda entre avril et juillet 1994, l'ONU crée un tribunal pénal international pour le Rwanda (TPIR). Quatre ans plus tard, le 2 septembre 1998, le premier procès devant le TPIR aboutit à la condamnation pour génocide de l'ancien bourgmestre de la commune de Taba, Jean-Paul Akayesu.00Ce procès est resté dans les mémoires par les précédents juridiques qu'il a créés en matière de justice internationale. En effet, cinquante ans après l'adoption de la Convention sur le génocide de 1948, c'est la première fois qu'une cour condamne un accusé pour ce type de crime, et c'est la première fois également que le viol est reconnu comme acte constitutif de génocide.00À partir d'une recherche conduite dans les archives des procès, à Arusha et au Rwanda, Ornella Rovetta retrace l'histoire de ce premier procès et les étapes de la mise en place d'une justice pénale internationale au milieu des années 1990. Entre micro-histoire et récit judiciaire, l'ouvrage explore la capacité d'un tribunal à dire et écrire l'histoire. aTexto en francés20aInternational Criminal Tribunal for RwandaxHistoria 7aProcesos por crímenes de guerra xHistoriazRuanda 7aProcesos por genocidio xHistoriazRuanda